Guess The Song Title Based On The Hint #4 - Statistics

General Stats
  • This quiz has been taken 38 times
  • The average score is 8 of 15
Answer Stats
Hint Song Artist % Correct
Devices used to tell time Clocks Coldplay
85%
The road to the home of the devil Highway to Hell AC/DC
74%
Military sci-fi video game and the yellow ring of light over an angels head Halo Beyonce
71%
Belief held in Hinduism and Buddhism that "you reap what you sow" and "what goes around comes back around" Karma Taylor Swift
71%
If there were 2 of the singer of Purple Rain, there would be: 2 Princes Spin Doctors
65%
A supid person from the United States American Idiot Green Day
65%
A boat voyage, often with several stops along the way Cruise Florida Georgia Line
62%
Use a brush to colour something a very dark shade Paint It, Black Rolling Stones
53%
A long ___ is an athlete that propels themself into the air as far as they can go. Jumper Third Eye Blind
50%
Forms when body repairs itself after an injury or surgery Scar Tissue Red Hot Chili Peppers
47%
Traveling show with amusement rides, food vendors, games, and acts CARNIVAL Kanye West, Ty Dolla $ign
44%
Beverage container generally used to drink alcohol or to play beer pong Red Solo Cup Toby Keith
41%
Feeling of distress or discomfort, sounds very similar to the name of a state in Midwestern USA Misery Maroon 5
26%
Stressed, anxious, and distrustful Paranoid Black Sabbath
24%
To deliberately damage or obstruct something or someone, usually in a political context Sabotage Beastie Boys
15%
No matching quizzes found
Score Distribution
Percent of People with Each Score
Percentile by Number Answered
Your Score History
You have not taken this quiz